Billion Dollar Movies - Statistics

General Stats
  • This quiz has been taken 35 times
  • The average score is 22 of 92
Answer Stats
Hint Answer % Correct
2009 Avatar
78%
1939 Gone with the Wind
78%
1977 The Star Wars
70%
2015 Avengers: Age of Ultron
67%
2012 Marvel's The Avengers
67%
1997 Titanic
67%
1989 Batman
59%
1993 Jurassic Park
48%
2013 Iron Man 3
44%
1972 The Godfather
44%
2015 Jurassic World
37%
2008 The Dark Knight
37%
1994 The Lion King
37%
2003 The Return of the King
37%
2002 The Two Towers
37%
2013 Frozen
33%
2011 Harry Potter and the Deathly Hallows: Part 2
33%
1975 Jaws
33%
1983 Return of the Jedi
33%
2015 The Force Awakens
33%
2010 Toy Story 3
33%
1982 E.T. the Extra-Terrestrial
30%
2010 Harry Potter and the Deathly Hallows: Part 1
30%
1937 Snow White and the Seven Dwarfs
30%
2002 Spider-Man
30%
1978 Superman
30%
1980 The Empire Strikes Back
30%
1999 The Phantom Menace
30%
1965 The Sound of Music
30%
2014 Transformers: Age of Extinction
30%
2012 An Unexpected Journey
26%
2005 Harry Potter and the Goblet of Fire
26%
2009 Harry Potter and the Half-Blood Prince
26%
2001 Harry Potter and the Sorceror's Stone
26%
1981 Raiders of the Lost Ark
26%
2005 Revenge of the Sith
26%
1967 The Jungle Book
26%
2011 Transformers: Dark of the Moon
26%
1992 Aladdin
22%
1985 Back to the Future
22%
2002 Harry Potter and the Chamber of Secrets
22%
2004 Harry Potter and the Prisoner of Azkaban
22%
1996 Independence Day
22%
2015 Minions
22%
2012 Skyfall
22%
2012 The Dark Knight Rises
22%
2001 The Fellowship of the Ring
22%
1942 Bambi
19%
1950 Cinderella
19%
2006 Dead Man's Chest
19%
2003 Finding Nemo
19%
2015 Furious 7
19%
2007 Harry Potter and the Order of the Phoenix
19%
1984 Indiana Jones and the Temple of Doom
19%
1976 Rocky
19%
1991 Terminator 2: Judgment Day
19%
2013 The Desolation of Smaug
19%
1994 Forrest Gump
15%
2011 On Stranger Tides
15%
1940 Pinocchio
15%
2007 Spider-Man 3
15%
2010 Alice in Wonderland
11%
2007 At World's End
11%
1977 Close Encounters of the Third Kind
11%
1990 Ghost
11%
2009 Ice Age: Dawn of the Dinosaurs
11%
1964 Mary Poppins
11%
2004 Shrek 2
11%
1973 The Exorcist
11%
1997 The Lost World: Jurassic Park
11%
1973 The Sting
11%
1961 101 Dalmatians
7%
1959 Ben-Hur
7%
2013 Despicable Me 2
7%
1965 Doctor Zhivago
7%
1964 Goldfinger
7%
1990 Home Alone
7%
1989 Indiana Jones and the Last Crusade
7%
1955 Lady and the Tramp
7%
1997 Men in Black
7%
1965 Thunderball
7%
1968 2001: A Space Odyssey
4%
1973 American Graffiti
4%
1963 Cleopatra
4%
1978 Grease
4%
1963 How the West Was Won
4%
1970 Love Story
4%
1969 On Her Majesty's Secret Service
4%
1977 Saturday Night Fever
4%
1967 The Graduate
4%
1956 The Ten Commandments
4%
1967 You Only Live Twice
4%
No matching quizzes found
Score Distribution
Percent of People with Each Score
Percentile by Number Answered
Your Score History
You have not taken this quiz